Fundamentals of corporate finance / (رقم التسجيلة. 34876)

تفاصيل مارك
000 -الفاتح
حقل البيانات ثابتة الطول 00620nam a22002177a 4500
003 - محدد رقم الضبط
رقم الضبط OSt
005 - وقت وتاريخ اخر تعامل مع التسجيلة
رقم الضبط 20150408114216.0
008 - عناصر البيانات ثابتة الطول - معلومات عامة
حقل البيانات ثابتة الطول 140511s2012 maua f 001 0 eng d
020 ## - الرقم الدولى المعيارى للكتب
الرقم الدولى المعيارى للكتاب 9780077139551
020 ## - الرقم الدولى المعيارى للكتب
الرقم الدولى المعيارى للكتاب 0077139550
040 ## - مصدر الفهرسة
وكالة الفهرسة الأصلية Ma-Un
082 04 - رقم تصنيف ديوى العشرى
رقم الطبعة 21
رقم التصنيف 658.15
رقم المادة FUC
245 10 - بيان العنوان
العنوان Fundamentals of corporate finance /
بيان المسئوليه,etc Stephen A. Ross ... [et al.].
250 ## - بيان الطبعة
بيان الطبعة 1th Middle East edition.
260 ## - PUBLICATION, DISTRIBUTION, ETC. (IMPRINT)
مكان الناشر او الموزع Boston :
اسم الناشر او الموزع McGraw-Hill,
تاريخ النشر أو التوزيع 2012
-- [1433].
300 ## - الوصف المادى
التعداد 766 p. :
تفاصيل ماديه اخرى للوعاء ill. ;
أبعاد الوعاء 26 cm.
500 ## - تبصرة عامة
تبصرة عامة Includes index.
650 ## - المدخل الاضافى بالموضوع-مصطلح موضوعى
مصطلح موضوعي أو اسم جغرافي كعنصر مدخل Corporations
التقسيم الفرعي العام Finance
700 1# - المدخل الاضافى - اسم شخصى
الإسم الشخصى Ross, Stephen A.
9 (RLIN) 18163
942 ## -
-- ddc
-- BOOK
999 ## -
-- 34876
-- 269376
المقتنيات
حالة الفقد حالة تلف ليس للاعارة رقم الطلب رقم النسخة تاريخ الاكتساب مصدر التزويد Serial Enumeration / chronology الباركود الفرع الرئيسي Date last seen نوع المادة فى نظام كوها مصدر التصنيف او خطة الترفيف Total Checkouts نموذج السعر الفعال Total Renewals Date last checked out
    Not For Loan 658.15 FUC 1 2014-05-11 دار العرب SRF 00210404 مكتبة كلية العلوم و الدراسات الإنسانية برماح - طالبات (SRF) 2014-05-11 كتاب Dewey Decimal Classification   2014-05-11    
      658.15 FUC 2 2014-05-11 دار العرب SRF 00210405 مكتبة كلية العلوم و الدراسات الإنسانية برماح - طالبات (SRF) 2014-05-11 كتاب Dewey Decimal Classification   2014-05-11    
    Not For Loan 658.15 FUC 1 2014-05-11 دار العرب SRM 00210402 مكتبة كلية العلوم و الدراسات الإنسانية برماح - طلاب (SRM) 2014-05-11 كتاب Dewey Decimal Classification        
      658.15 FUC 2 2014-05-11 دار العرب SRM 00210403 مكتبة كلية العلوم و الدراسات الإنسانية برماح - طلاب (SRM) 2025-01-26 كتاب Dewey Decimal Classification 1 2014-05-11 1 2019-12-08